000 00722cab a2200241 4500
001 ABS54409
008 090401t1996 xxu||||| |||| 00| 0 eng d
035 _a(Sirsi) u10158
041 _aeng
100 _aGemmell, J.
245 _aIncorporation is one way to ensure you keep your shirt
260 _c1996
350 _a0
490 _aProperty Week
_v54(4) 25 January 1996, 36-37(2)
520 _aLooks at incorporation and the benefits it offers partnerships keen to limit commercial risk.
650 _aCORPORATION TAXES
650 _aINCORPORATION
650 _aLIABILITY
650 _aPARTNERSHIPS
690 _aMANAGEMENT-BUSINESS MANAGEMENT-PROFESSIONAL PRACTICE
942 _n0
948 _c04/03/1997
999 _c6385
_d6385